| 000 | 01460nam0a2200325 4500 | ||
|---|---|---|---|
| 001 | RU\NLR\bibl\255790 | ||
| 005 | 20260408192527.0 | ||
| 010 |
_a5-86894-518-2 _93000 |
||
| 021 |
_aRU _b2001-60609 _92957 |
||
| 035 | _a(NLR Aleph) 000251542 | ||
| 090 |
_a1467832 _c1467832 |
||
| 100 | _a20020419d2001 |||y0rusy50 ca | ||
| 101 | 0 | _arus | |
| 102 | _aRU | ||
| 105 | _ay ||||||||| | ||
| 200 | 1 |
_aПлата за землю _eЗакон Рос. Федерации "О плате за землю" |
|
| 205 | _a[2-е изд.] | ||
| 210 |
_aМ. _cОсь-89 _d2001 |
||
| 215 |
_a79, [1] с. _d20 |
||
| 423 | 0 |
_12001#$aИнструкция МНС России № 56 "По применению Закона Рос. Федерации "О плате за землю"" _1210##$aМ.$d2001 _1215##$aС. 27-78 _tИнструкция МНС России № 56 "По применению Закона Рос. Федерации "О плате за землю"" |
|
| 606 |
_aЗемлепользование _jЗаконодательные материалы _xОплата _yРоссийская Федерация _92164712 _3RU\NLR\AUTH\661302564 |
||
| 686 | _aХ622.252-39(2Р) | ||
| 740 | 1 |
_aРоссийская Федерация _tЗаконы _9277893 _3RU\NLR\AUTH\883331 |
|
| 801 | 0 |
_aRU _bRKP _c20020419 _gPSBO |
|
| 801 | 1 |
_aRU _bRKP _c20020419 |
|
| 801 | 2 |
_aRU _bNLR _c20020627 _grcr |
|
| 942 | _cBOOK | ||
| 980 | _aNB | ||